Detalles MARC
| 000 -LÍDER |
| Campo fijo de descripción fija |
01752aam a2200301 i 4500 |
| 001 - NÚMERO DE CONTROL |
| Campo de control |
19329 |
| 003 - IDENTIFICADOR DEL NÚMERO DE CONTROL |
| Campo de control |
CO-MdFUSB |
| 005 - FECHA Y HORA DE LA ULTIMA TRANSACCIÓN |
| control field |
20180806074117.0 |
| 008 - ELEMENTOS DE LONGITUD FIJA -- INFORMACIÓN GENERAL |
| Campo fijo de descripción fija -- Información general |
180731t19911996nyuah||g |||| 00| 0 eng d |
| 020 ## - NÚMERO INTERNACIONAL NORMALIZADO PARA LIBROS |
| Número Internacional Normalizado del libro |
0-942299-63-9 |
| 040 ## - FUENTE DE CATALOGACIÓN |
| Agencia de catalogación original |
CO-MdFUSB |
| Idioma de catalogación |
spa |
| Agencia que realiza la transcripción |
CO-MdFUSB |
| Agencia que realiza la modificación |
CO-MdFUSB |
| Convenciones de la descripción |
rda |
| 041 ## - CÓDIGO DE IDIOMA |
| Código de idioma para texto/pista de sonido o título separado |
eng |
| 082 ## - NÚMERO DE CLASIFICACIÓN DECIMAL DEWEY |
| Número de la edición del Dewey |
24 |
| Número de clasificación |
G 200.82 |
| Clave de autor-Numero de item |
B994f |
| 100 1# - ASIENTO PRINCIPAL--NOMBRE PERSONAL |
| Nombre personal |
Bynum, Caroline Walker |
| Término relacionador |
autor |
| 245 10 - TÍTULO |
| Título del Material |
Fragmentation and redemption |
| Parte restante del título - Subtitulo |
: Essays on gender and the human body in medieval religion |
| Mención de responsabilidad, etc. |
/ Caroline Walker Bynum |
| 264 #1 - PRODUCCIÓN, PUBLICACIÓN, DISTRIBUCIÓN, MANUFACTURA, Y COPYRIGHT |
| Lugar de producción, publicación, distribución, manufactura |
New York : |
| Nombre del productor, publicador, distribuidor |
Zone Books, |
| Fecha de producción, publicación, distribución, manufactura, o copyright |
℗1996 |
| 264 #4 - PRODUCCIÓN, PUBLICACIÓN, DISTRIBUCIÓN, MANUFACTURA, Y COPYRIGHT |
| Fecha de producción, publicación, distribución, manufactura, o copyright |
©1991 |
| 300 ## - DESCRIPCIÓN FÍSICA |
| Extensión |
426 páginas, ilustraciones |
| Dimensiones |
; 23 cm |
| 336 ## - TIPO DE CONTENIDO |
| Fuente |
rdacontent |
| Término de tipo de contenido |
texto |
| Código de tipo de contenido |
txt |
| 337 ## - TIPO DE MEDIO |
| Fuente |
rdamedia |
| Nombre del tipo de medio |
sin mediación |
| Código del tipo de medio |
n |
| 338 ## - TIPO DE SOPORTE |
| Fuente |
rdacarrier |
| Nombre del tipo de soporte |
volumen |
| Código Tipo de soporte |
nc |
| 501 ## - NOTA DE “CON” |
| Nota de Contenido |
Incluye ínidice (páginas 419-425) |
| 505 0# - NOTA DE CONTENIDO |
| Nota de contenido con formato preestablecido |
Ensayos sobre género y el cuerpo humano en la religión medieval -- Historias de mujeres, símbolos de mujeres: una crítica de la teoría de la luminalidad de Victor Turner -- El misticismo y ascetismo de mujeres medievales: Algunos comentarios sobre las tipologías de Max Weber y Ernst Troeltsch -- El cuerpo de Cristo en la edad media más tarde: Una respuesta a Leo Steinberg -- Women mystics and eucaristic devotion in the thirteenth century -- ¨. . . Y mujer su humanidad¨: Imaginaría femenina en la escritura religiosa de la edad media más tarde -- El cuerpo femenino y la práctica religiosa en la edad media más tarde -- Continuidad material, supervivencia personal y la resurrección del cuerpo: una discusión escolástica en sus contextos medievales y modernos |
| 563 ## - NOTA DE ENCUADERNACIÓN |
| Nota de encuadernación |
Rústico |
| 650 #0 - ASIENTO SECUNDARIO DE MATERIA - TERMINO TEMÁTICO |
| 9 (RLIN) |
1260 |
| Término temático o nombre geográfico como elemento de entrada |
Teología dogmática |
| Subdivisión general |
Historia |
| Subdivisión cronológica |
Edad Media, 600-1500 |
| 942 ## - TIPO DE MATERIAL (KOHA) |
| Tipo de Item KOHA |
Libros General |